000
00294nam a22001217a 4500
008
180421b xxu||||| |||| 00| 0 eng d
041
_a
eng
080
_a
043.3
100
_a
0
101
_a
SHP-BA
245
_a
Kontrolli i Legjislativit mbi Administraten Publike
_c
Zeqiri, B
942
_2
udc
_c
BK
999
_c
45352
_d
45352